|
|
|
|
| LEADER |
00588cam a2200169 7i4500 |
| 001 |
0000006277 |
| 005 |
20170218090000.0 |
| 020 |
|
|
|a 0273651838 (pbk.)
|
| 090 |
0 |
0 |
|a HF5686.C8
|b M36 2002
|
| 245 |
0 |
0 |
|a Management and cost accounting
|c Charles Horngren ... [et al.].
|
| 260 |
|
|
|a Harlow:
|b Financial Times-Prentice Hall,
|c 2002.
|
| 300 |
|
|
|a xxiv, 919 p.:
|b ill.;
|c 27 cm.
|
| 650 |
0 |
0 |
|a Managerial accounting --
|z Europe
|
| 650 |
0 |
0 |
|a Cost accounting --
|z Europe
|
| 700 |
1 |
|
|a Horngren, Charles
|
| 997 |
|
|
|a Business & Accountancy, Faculty
|
| 999 |
|
|
|a 0000003950
|b BOK
|c OPEN SHELF
|e 1st Floor, Shah Alam
|